A history of the upper country of South Carolina : from the earliest periods to the close of the War of Independence /

Bibliographic Details
Main Author: Logan, John Henry
Format: Book
Language:English
Published: [Spartanburg, S.C.] : [Reprint Co.], [1960]
Series:South Carolina heritage series ; 5.
Subjects:

MARC

Tag First Indicator Second Indicator Subfields
LEADER 00000cam a2200000 4500
001 in00000641621
005 20151015061258.0
008 751205r19601859scuh 00000 eng u
010 |a  01010804  
035 |a (OCoLC)01877123 
035 |9 ACV6087AM 
040 |c AKR  |d TXA  |d UtOrBLW 
049 |a TXAM  |c [333487] 
090 |a F272  |b .L83 1960 
092 |a 975.7  |b L831h, 1859r 
100 1 |a Logan, John Henry. 
245 1 2 |a A history of the upper country of South Carolina :  |b from the earliest periods to the close of the War of Independence /  |c Vol. 1. Charleston, S. G. Courtenay & co. ; Columbia, P. B. Glass, 1859. 
264 1 |a [Spartanburg, S.C.] :  |b [Reprint Co.],  |c [1960] 
300 |a facsim : 521 pages 
336 |a text  |b txt  |2 rdacontent 
337 |a unmediated  |b n  |2 rdamedia 
338 |a volume  |b nc  |2 rdacarrier 
490 1 |a South Carolina heritage series,  |v 5 
500 |a Extends only to 1758. No more published. 
650 0 |a Cherokee Indians. 
651 0 |a South Carolina  |x History  |y Colonial period, ca. 1600-1775. 
830 0 |a South Carolina heritage series ;  |v 5. 
999 |a MARS 
999 f f |s 47539ade-4ec9-369a-b45f-7671915549af  |i fbe70625-cee6-3413-ab07-890b29baec1c  |t 0 
952 f f |p normal  |a Texas A&M University  |b College Station  |c Sterling C. Evans Library  |d Evans: Library Stacks  |t 0  |e F272 .L83 1960  |h Library of Congress classification  |i unmediated -- volume  |m A14801541373 
998 f f |a F272 .L83 1960  |t 0  |l Evans: Library Stacks